Представление документа в формате MARC21

Поле Инд. ПП Название Значение
Тип записи a
Библиографический уровень m
001 Контрольный номер 8b60e70e-2cf4-4e0f-9a9a-3ff7db586a28
005 Дата корректировки 20150427134805.9
008 Кодируемые данные 080304
020 a ISBN 5-217-00977-2
040 a Служба первич. каталог. НБ ТвГУ
041 0_ a Код языка текста rus
084 a Индекс другой классификации/Индекс ББК Ж2-5-05
a Индекс другой классификации/Индекс ББК З986.1
090 a Полочн. индекс Ж2-5
x Авторский знак Э62
100 1_ a Автор Энгельке Уильям Д.
q Полное имя Энгельке У.
245 00 a Заглавие Как интегрировать САПР и АСТПП
c Ответственность пер. с англ. В. В. Мартынюка, Д. Е. Веденеева ; под ред. Д. А. Корягина
246 05 a Другая форма заглавия How to integrate CAD/CAM systems : management and technology
260 0_ a Место издания Москва
b Издательство Машиностроение
c Дата издания 1990
300 a Объем 319, [1] с.
b Иллюстрации/ тип воспроизводства ил.
500 a Примечание Перевод изд.: How to integrate CAD/CAM systems : management and technology / William D. Engelke (New York and Basel)
504 a Библиография Библиогр. в конце разделов.
653 0_ a Ключевые слова Автоматизированные системы проектирования
a Ключевые слова Интегрированные автоматизированные системы проектирования
700 1_ a Другие авторы Корягин Д. А.
e Роль лиц ред.
700 1_ a Другие авторы Мартынюк В. В.
e Роль лиц пер.
700 1_ a Другие авторы Веденнев Д. Е.
e Роль лиц пер.
901 t Тип документа m
954 a Дата поступления на обработку 20080303